000
00205 a2200097 4500
020
_a
9789992471647
041
_a
spa
100
_a
Dario ruben
245
_a
Cuentos de los misterio y suspenso
942
_c
BK
999
_c
10107
_d
10107